00863nam a2200265 i 4500001001000000003000900010005001700019007000300036008004100039040003000080041000800110082002800118100003100146245008500177250002200262264007100284300002800355336002700383337003400410338002900444490001700473650005500490700003500545830001700580000010716DO-SdBNP20250804150524.0ta091009s1989 dr r 000 0 spa d aDO-SdBNPbspacBNPHUerda aspa 4a511.322bL961i 19892221 aLuna, Eduardoeautor4aut.10aIntroducción a la teoría de los conjuntos /cEduardo Luna, Amarilis Sagredo. aQuinta edición  4aSanto Domingo, República Dominicana : bEditora Tallerc©1989. a83 páginas ;c23 cm. atextobtxt2rdacontent asin mediaciónbn2rdamedia  avolumenbnc2rdacarrier 1 aTextos PUCMM 4aTeoría de conjuntosxProblemas, ejercicios, etc.1 aSagredo, Amariliseautor4aut. 0aTextos PUCMM